Countries on a zoomed satellite image - Statistics

General Stats
  • This quiz has been taken 25 times
  • The average score is 12 of 16
Answer Stats
Picture Answer % Correct
United Kingdom / France / Ireland
100%
Egypt / Israel
92%
USA / Russia
88%
Spain / Morocco / United Kingdom
83%
USA / Cuba / Bahamas
83%
Japan / Russia
79%
Qatar / Bahrain / Saudi Arabia / Iran
79%
USA / Mexico
79%
Indonesia / East Timor
75%
United Kingdom / Argentina
75%
India / Sri lanka
67%
D.R.Congo / Uganda / Rwanda / Burundi / Tanzania / Kenya /
63%
Nigeria / Cameroon / Gabon / Equatorial Guinea
63%
Venezuela / Colombia / Netherlands
63%
China
54%
Canada
50%
No matching quizzes found
Score Distribution
Percent of People with Each Score
Percentile by Number Answered
Your Score History
You have not taken this quiz